|
|
|
|
| LEADER |
00000nam0a2200000 4500 |
| 001 |
353756 |
| 005 |
20240914063139.0 |
| 010 |
|
|
|b 50 экз.
|
| 035 |
|
|
|a (RuTPU)RU\TPU\retro\11013
|
| 090 |
|
|
|a 353756
|
| 100 |
|
|
|a 20200601d1967 k y0rusy50 ca
|
| 101 |
0 |
|
|a rus
|
| 102 |
|
|
|a RU
|
| 105 |
|
|
|a y z 000zy
|
| 200 |
1 |
|
|a Методика расчета надежности всыпных обмоток асинхронных электродвигателей мощностью от 0,18 до 100 КРТ
|e № ОТЭ.139.174
|f И. Постов [и др.]
|g Министерство электротехнической промышленности СССР
|
| 210 |
|
|
|a Томск
|c Изд-во ТПИ
|d 1967
|
| 215 |
|
|
|a 70 с.
|c табл.
|
| 300 |
|
|
|a Ротапринт. изд.
|
| 320 |
|
|
|a Приложения: с. 22-69
|
| 606 |
1 |
|
|a Асинхронные электродвигатели
|2 stltpush
|3 (RuTPU)RU\TPU\subj\29522
|9 52832
|
| 610 |
1 |
|
|a коллекция ТПУ
|
| 610 |
1 |
|
|a труды учёных ТПУ
|
| 610 |
1 |
|
|a изоляция
|
| 610 |
1 |
|
|a изоляционные материалы
|
| 610 |
1 |
|
|a испытания
|
| 610 |
1 |
|
|a пробивные напряжения
|
| 610 |
1 |
|
|a интегралы вероятности
|
| 610 |
1 |
|
|a функции
|
| 675 |
|
|
|a 621.313.333
|v 4
|
| 701 |
|
1 |
|a Постов
|b И.
|
| 701 |
|
1 |
|a Штуцен
|b Л.
|
| 701 |
|
1 |
|a Стрельбицкий
|b Э. К.
|c российский ученый, электромеханик
|c профессор кафедры электрических машин и аппаратов ТПИ
|f 1932-2005
|g Эдуард Карлович
|3 (RuTPU)RU\TPU\pers\19870
|9 7807
|
| 701 |
|
1 |
|a Федоров
|b В.
|
| 701 |
|
1 |
|a Муравлев
|b О. П.
|c специалист в области электротехники
|c профессор Томского политехнического университета, доктор технических наук
|f 1937-2018
|g Олег Павлович
|3 (RuTPU)RU\TPU\pers\19841
|9 7778
|
| 701 |
|
1 |
|a Похолков
|b Ю. П.
|c специалист в области электротехники, доктор технических наук
|c ректор Томского политехнического университета (1990-2008), профессор
|f 1939-
|g Юрий Петрович
|x TPU
|y Томск
|3 (RuTPU)RU\TPU\pers\10508
|9 2235
|
| 712 |
0 |
2 |
|a Министерство электротехнической промышленности СССР
|3 (RuTPU)RU\TPU\col\9984
|9 24777
|
| 801 |
|
1 |
|a RU
|b 63413507
|c 20200601
|
| 942 |
|
|
|c BK
|